[Event "RSA-ch U10"]
[Site "Gauteng"]
[Date "2017.04.10"]
[Round "10"]
[White "Burgers, Adriaan"]
[Black "Goliath, Kian"]
[Result "1/2-1/2"]
[WhiteElo "909"]
[BlackElo "895"]
[PlyCount "50"]
[EventDate "2017.04.05"]
[EventType "swiss"]
[EventRounds "11"]
[EventCountry "RSA"]
[SourceTitle "CBM 177 Extra"]
[Source "ChessBase"]
[SourceDate "2017.04.27"]
[SourceVersion "1"]
[SourceVersionDate "2017.04.27"]
[SourceQuality "1"]

1. c4 c5 2. Nc3 d6 3. e3 Nf6 4. d4 Bf5 5. Qb3 Qb6 6. Qxb6 axb6 7. Nb5 Na6 8. Be2 e5 9. Bd1 Be7 10. Ba4 0-0 11. Ne2 Nb4 12. Bb3 Na6 13. Ba4 Bd3 14. Nec3 Bxc4 15. Bd1 Rfd8 16. Be2 Bxe2 17. Nxe2 Nd5 18. 0-0 Ndc7 19. Nxc7 Nxc7 20. b3 Bf6 21. Bb2 h6 22. h3 e4 23. Rab1 Rxa2 24. Nc3 Raa8 25. Nxe4 Nd5 1/2-1/2

[Event "RSA-ch U10"]
[Site "Gauteng"]
[Date "2017.04.08"]
[Round "6"]
[White "Goliath, Kian"]
[Black "Collier, Noah"]
[Result "0-1"]
[WhiteElo "895"]
[BlackElo "688"]
[PlyCount "37"]
[EventDate "2017.04.05"]
[EventType "swiss"]
[EventRounds "11"]
[EventCountry "RSA"]
[SourceTitle "CBM 177 Extra"]
[Source "ChessBase"]
[SourceDate "2017.04.27"]
[SourceVersion "1"]
[SourceVersionDate "2017.04.27"]
[SourceQuality "1"]

1. e4 c6 2. d4 d5 3. exd5 cxd5 4. Bd3 Nc6 5. c3 Nf6 6. Bf4 e6 7. Nf3 Bd6 8. Ne5 0-0 9. 0-0 Qc7 10. Qe2 Nd7 11. Qg4 Bxe5 12. Bh6 f5 13. Qg5 Bf6 14. Qf4 Qxf4 15. Bxf4 e5 16. dxe5 Ndxe5 17. Bb5 d4 18. Rd1 a6 19. Bxc6 0-1